00825nam a2200241 i 4500003000900000005001700009007000300026008004100029020001800070040003000088041000800118082002400126100004800150245005700198264007600255300004500331336002700376337003300403338002800436500007100464650002200535650002600557DO-SdBNP20250710092133.0ta220113e2013 dr ||||er|||| 000 fdspa d a9789945475739 aDO-SdBNPbspacBNPHUerda aspa 4aRD863.44bP426p2221 aPeralta Romero, Rafael,d1948-eautor4aut.10aPedro el cruel :b(novela) / cRafael Peralta Romero 4aSanto Domingo, República Dominicana :bEdiciones Rumbo Este,c©2013. a111 páginas :bilustraciones ;c23 cm. atextobtxt2rdacontent asin mediaciónbn2rdamedia avolumenbnc2rdacarrier aIncluye datos biográficos del autor en la solapa de la cubierta. 0aNovela dominicana 4aLiteratura dominicana